000 00643nam a2200265Ia 4500
005 20260121172225.0
008 008 260114s9999 xx 000 0 eng d
020 _a9783030541040
037 _aEBOOK
040 _aCRL
040 _beng
040 _cCRL
041 _2eng
041 _aeng
084 _qCRL
100 _aZoë R. Groves
_91085800
245 0 _aMalawian Migration to Zimbabwe, 1900–1965
260 _bSpringer
260 _bSpringer
260 _c2020
856 _uhttps://link.springer.com/openurl?genre=book&isbn=978-3-030-54104-0
942 _cEBOOK
999 _c1651537
_d1651537